000 00590nam a2200229Ia 4500
003 OSt
005 20220924143131.0
006 a|||||r|||| 00| 0
007 ta
008 220923b |||||||| |||| 00| 0 ori d
024 _a306831
037 _cTextual
040 _aARTS
_cARTS
_bORI
041 _2ORI
_aORI
082 _aO1591,3M86x, L5
100 _aMishra Raghunath
_9214867
245 0 _agodavarish Granthabali
260 _c1975
650 _aORIYA LITERATURE
_927692
942 _hO1591,3M86x, L5
_cTEXL
_2CC
999 _c453290
_d453290